| 000 | 02670cam a22005534i 4500 | ||
|---|---|---|---|
| 003 | PE-LiUPU | ||
| 005 | 20250731180106.0 | ||
| 008 | 150706s r 000 0 d | ||
| 020 | _a9789682610400 | ||
| 035 | _a(Sirsi) i9789682610400 | ||
| 040 |
_aPE-LiUPU _bspa _cPE-LiUPU _erda |
||
| 049 | _aPRUA | ||
| 082 | 0 | 4 |
_a536.2 _bK44 _221 |
| 100 | 1 |
_aKern, Donald Q., _eautor. |
|
| 245 | 1 | 0 |
_aProcesos de transferencia de calor / _cDonald Q. Kern ; traducido por Nicolás Marino Ambross. |
| 264 | 1 |
_aMéxico : _bGrupo Editorial Patria, _c1965. |
|
| 300 |
_a980 páginas : _bilustraciones ; _c22 centímetros |
||
| 336 |
_atext _2rdacontent |
||
| 337 |
_aunmediated _2rdamedia |
||
| 338 |
_avolume _2rdacarrier |
||
| 505 | 0 | _aProcesos de transfencia de calor -- Conducción -- Convección -- Radiación -- Temperatura -- Flujo de contra corriente -- Intercambiadores -- Disposición de flujos para amentar la recuperación de calor -- Gases -- Flujo laminar y convección libre -- Cálculos para las condiciones de proceso -- Condensación de vapores simples -- Condensación de vapores mezclados -- Evaporación -- Vaporizadores, evaporadores y calderetas -- Superficies extendidas -- Transferencia por contacto directo -- Procesos por lotes y de estado inestable -- Cálculo de hornos -- Aplicaciones adicionales -- Control de temperatura y variables de proceso relacionadas. | |
| 526 | _aSEG44 | ||
| 526 | _aSEG26 | ||
| 526 | _aP159 | ||
| 526 | _aP155 | ||
| 526 | _aP154 | ||
| 526 | _aP153 | ||
| 526 | _aP150 | ||
| 526 | _aP100 | ||
| 526 | _aP31 | ||
| 526 | _aP30 | ||
| 526 | _aP26 | ||
| 526 | _aP25 | ||
| 526 | _aP24 | ||
| 526 | _aP22 | ||
| 526 | _aP15 | ||
| 526 | _aP10 | ||
| 541 | _g015-0016195; | ||
| 650 | 0 | 4 | _aTransmisión del calor. |
| 700 | 1 |
_aAmbrossi, Nicolás Marino, _etr. |
|
| 910 |
_agl _cng _d20131121 |
||
| 942 |
_2ddc _cBOOK |
||
| 949 |
_a536.2 K44 _wDEWEY _c1 _i69235 _lCCODEBUL1 _mBUL _p36.00 _r0 _sY _tBOOK _u2015-7-6 _xINGENIERIA _PP24 _0COMPRA _o.STAFF. Colección General |
||
| 949 |
_a536.2 K44 _wDEWEY _c2 _i71171 _lCCODEBUL1 _mBUL _p30.99 _r0 _sY _tBOOK _u2015-5-21 _xINGENIERIA _PP26 _0COMPRA _o.STAFF. Colección General |
||
| 994 |
_aC0 _bPEPRU |
||
| 596 | _a1 | ||
| 999 |
_a536.2 K44 _wDEWEY _c19530 _i69235 _d19530 _e2017-4-23 _f2021-11-9 _g7 _lCCODEBUL1 _mBUL _n2 _p36.00 _q3 _r0 _sY _tBOOK _u2015-7-6 _xINGENIERIA _PP24 _0COMPRA _o.STAFF. Colección General |
||
| 999 |
_a536.2 K44 _wDEWEY _c2 _i71171 _d2019-5-20 _e2018-5-15 _f2021-11-9 _g7 _lCCODEBUL1 _mBUL _n1 _p30.99 _q4 _r0 _sY _tBOOK _u2015-5-21 _xINGENIERIA _PP26 _0COMPRA _o.STAFF. Colección General |
||
| 980 |
_81 _gALBERTO SANCHEZ Responsable de Automatización |
||